| 000 | 01437nam a2200397 i 4500 | ||
|---|---|---|---|
| 001 | 196785 | ||
| 003 | SpMaBN | ||
| 005 | 20250731063051.0 | ||
| 008 | 241124s2024 sp | |||| 000 f spa | ||
| 015 | _aMON24 | ||
| 017 |
_aM 8124-2024 _bOficina Depósito Legal Madrid |
||
| 020 | _a9788410182035 | ||
| 035 | _a(SpMaBN)a7500286 | ||
| 040 |
_aSpMaBN _bspa _cSpMaBN _erda |
||
| 080 | _a821.134.3-31"20" | ||
| 100 | 1 |
_aBivar, Manuel, _d1985- _9239328 _eaut |
|
| 240 | 1 | 2 |
_aA charca _lEspañol |
| 245 | 1 | 3 |
_aLa charca / _cManuel Bivar ; traducción, Elvira Riveiro Tobío. |
| 250 | _aPrimera edición: mayo 2024 | ||
| 264 | 1 |
_aMadrid : _bDe Conatus, _c[2024]. |
|
| 264 | 4 | _c©2021 | |
| 300 |
_a98 páginas ; _c21 cm |
||
| 336 |
_aTexto _2rdacontent |
||
| 337 |
_asin mediación _2rdamedia |
||
| 338 |
_avolumen _2rdacarrier |
||
| 490 | 1 | _a¿Qué nos contamos hoy? Narrativa | |
| 655 | 0 |
_aNovelas distópicas _9235537 |
|
| 700 | 1 |
_aRibeiro Tobío, Elvira, _d1971- _9239329 _etrl |
|
| 852 |
_aES-MaACL _cDEPOJ _jN-10254 _gDedicatoria autógrafa del autor _hDonación: Manuel Bivar _xEncuadernación rústica con solapas _9206380 |
||
| 903 |
_9239328 _aBivar, Manuel, _d1985- _ednr |
||
| 942 |
_cMONOGRAFIA _n0 |
||
| 999 |
_c196785 _d196785 |
||